Lass Dich Nicht Beißen - Statistiken

Allgemein
  • Dieses Quiz wurde 1.455 mal gespielt
  • Das Durchschnittsergebnis liegt bei 8 aus 27
Answers on the Grid
Answers color-coded by a green-red scale on the quiz's grid according to % correct below.
 
Antwortstatistiken
Antwort % Korrekt
33%
32%
32%
30%
30%
29%
29%
29%
28%
28%
28%
28%
28%
28%
27%
27%
27%
27%
27%
27%
27%
26%
26%
26%
26%
25%
24%
Keine übereinstimmenden Quizze gefunden
Verteilung der Resultate
Anzahl Personen mit jedem Resultat
Perzentil nach korrekt beantworteten Fragen
Ihre Resultats-Entwicklung
Sie haben dieses Quiz noch nicht gespielt